| 000 | 00984nam a2200277Ia 4500 | ||
|---|---|---|---|
| 003 | OSt | ||
| 005 | 20221005110504.0 | ||
| 006 | a|||||r|||| 00| 0 | ||
| 007 | ta | ||
| 008 | 221004b |||||||| |||| 00| 0 hin d | ||
| 020 |
_a9788121407618 (hbk) _cINR 325.00 |
||
| 024 | _a41495 | ||
| 037 |
_b306, 25/02/2019, Eastern Book Linkers _cTextual |
||
| 040 |
_aCRL _cCRL _bhin |
||
| 041 |
_2hin _ahin |
||
| 082 | _aO152,4N62x, Q4 | ||
| 100 | _aशर्मा, किशन, ले. | ||
| 245 | 0 | _aमेरी कलम से | |
| 246 | _aMerī kalam se | ||
| 260 |
_aनई दिल्ली _bनेशनल पब्लिशिंग हाउस भारत _c2014 |
||
| 300 |
_a144पृ0 _ccm. |
||
| 650 | _a हिन्दी साहित्य | ||
| 650 | _aहिन्दी पत्र | ||
| 942 |
_hO152,4N62x, Q4 _cTEXL _2cc |
||
| 999 |
_c1018986 _d1018986 |
||